Catálogo público

Second International Congress on Seafood Technology on Sustainable, Innovative and Healthy Seafood (Record no. 103787)

MARC details
000 -CABECERA
campo de control de longitud fija 01293nam a22003617a 4500
003 - IDENTIFICADOR DEL NÚMERO DE CONTROL
campo de control CHAP
005 - FECHA Y HORA DE LA ÚLTIMA TRANSACCIÓN
campo de control 20220817044537.0
008 - DATOS DE LONGITUD FIJA--INFORMACIÓN GENERAL
campo de control de longitud fija 120829s2012 it a rn 00010 eng d
010 ## - NÚMERO DE CONTROL DE LA BIBLIOTECA DEL CONGRESO
Número de control de LC 103787
011 ## - ENLACE DEL NUMERO DE CONTROL DE LA BIBLIOTECA DEL CONGRESO [OBSOLETO]
Número de control de LC 104759
020 ## - NÚMERO INTERNACIONAL ESTÁNDAR DEL LIBRO
Número Internacional Estándar del Libro 9789251071083
035 ## - NÚMERO DE CONTROL DEL SISTEMA
Número de control de sistema 115449
040 ## - FUENTE DE LA CATALOGACIÓN
Centro/agencia transcriptor CHAP
082 04 - NÚMERO DE LA CLASIFICACIÓN DECIMAL DEWEY
Número de clasificación 639.2
Número de documento/Ítem F62y v.22
110 2# - ENTRADA PRINCIPAL--NOMBRE DE ENTIDAD CORPORATIVA
Nombre de entidad corporativa o nombre de jurisdicción como elemento de entrada FAO
245 14 - MENCIÓN DE TÍTULO
Título Second International Congress on Seafood Technology on Sustainable, Innovative and Healthy Seafood
Mención de responsabilidad, etc. /editado por John Ryder, Lahsen Ababouch y Murat Balaban
260 ## - PUBLICACIÓN, DISTRIBUCIÓN, ETC.
Lugar de publicación, distribución, etc. Rome :
Nombre del editor, distribuidor, etc. FAO,
Fecha de publicación, distribución, etc. 2012
300 ## - DESCRIPCIÓN FÍSICA
Extensión viii, 238 p. :
Otras características físicas ilus., diagramas, gráfs., tablas
490 #0 - MENCIÓN DE SERIE
Mención de serie Fisheries proceedings
Designación de volumen o secuencia ; 22
500 ## - NOTA GENERAL
Nota general FAO/The University of Alaska, 10 - 13 May 2010, Anchorage, the United States of America.
590 ## - NOTA LOCAL (RLIN)
Nota local BATCH-UPD
Procedencia (VM) [OBSOLETO] 10
Condición del los carretes individuales (VM) [OBSOLETO] 20130110
-- UCH01
-- 1406
590 ## - NOTA LOCAL (RLIN)
Nota local CONVERSION
Procedencia (VM) [OBSOLETO] 10
Condición del los carretes individuales (VM) [OBSOLETO] 20130109
-- UCH01
-- 1357
650 14 - PUNTO DE ACCESO ADICIONAL DE MATERIA--TÉRMINO DE MATERIA
Término de materia o nombre geográfico como elemento de entrada Mariscos.
9 (RLIN) 71424
650 14 - PUNTO DE ACCESO ADICIONAL DE MATERIA--TÉRMINO DE MATERIA
Término de materia o nombre geográfico como elemento de entrada Pesca sostenible.
9 (RLIN) 87440
650 14 - PUNTO DE ACCESO ADICIONAL DE MATERIA--TÉRMINO DE MATERIA
Término de materia o nombre geográfico como elemento de entrada Productos pesqueros.
9 (RLIN) 92201
700 0# - PUNTO DE ACCESO ADICIONAL--NOMBRE DE PERSONA
Nombre de persona Ababouch, Lahsen
Término indicativo de función/relación , ed.
9 (RLIN) 133
700 1# - PUNTO DE ACCESO ADICIONAL--NOMBRE DE PERSONA
Nombre de persona Balaban, Murat
Término indicativo de función/relación , ed
9 (RLIN) 9589
700 1# - PUNTO DE ACCESO ADICIONAL--NOMBRE DE PERSONA
Nombre de persona Ryder, John
Término indicativo de función/relación , ed.
9 (RLIN) 101037
830 00 - PUNTO DE ACCESO ADICIONAL DE SERIE-TÍTULO UNIFORME
Título uniforme Fisheries proceedings
Designación de volumen o secuencia ; 22
9 (RLIN) 41120
901 ## - ELEMENTOS DE DATOS A LOCAL LDA (RLIN)
a BK
942 ## - ELEMENTOS DE PUNTO DE ACCESO ADICIONAL (KOHA)
Tipo de ítem Koha Libro
949 ## - PROCESAMIENTO DE INFORMACIÓN LOCAL (OCLC)
a 639.2 F62y v.22
b BC
c FAO
d 33724002346330
e FAO1
g DonaciØn
h 117333
i 115449
s t
Holdings
Estado de retiro Estado de pérdida Estado dañado Restricciones de uso No para préstamo Código de colección Localización permanente Ubicación/localización actual Ubicación en estantería Fecha de adquisición Fuente de adquisición Información codificada de la localización en otra ubicación Número de inventario Total de préstamos Signatura topográfica completa Código de barras Fecha visto por última vez Precio válido a partir de Tipo de ítem Koha
      Préstamo 3 días   Publicaciones FAO Biblioteca Central Biblioteca Central Planta Principal - Área de préstamo - FAO 31/12/2019 Donacion LIBRO 127   639.2 F62y v.22 33724002346330 31/12/2019 31/12/2019 Libro